00313nam a22001337a 4500003000500000005001700005008004100022038000600063082001500069100002400084245002100108260004100129300000900170NUST20180530040238.0180530b ||||| |||| 00| 0 eng d a0 a297.56 ZAK 4Zakia Arshad Hameed aRoshni ka safar  aRawalpindibMatbooat Salmania c2006 a159p